000 00583nam a2200169Ia 4500
003 SGT
020 _a9788120320840
082 _a385
_bCHA
100 _aChakroborty, Partha
245 _aPrinciples of transportation engineering
260 _bPHI Learning Private Limited
_aNew Delhi
_c2011
300 _a520p.
650 _aRAILROAD TRANSPORTATION
653 _aINTRODUCTION, PROPERTIES OF TRAFFIC ENGINEERING ELEMENTS, HIGHWAY GEOMETRIC DESIGN, TRAFFIC FLOW, DESIGN OF TRAFFIC FACILITIES, PAVEMENT MATERIALS AND CHARACTERIZATION
700 _aDAs,Animesh
942 _2ddc
_cBK
_01
999 _c5761
_d5761